[Event "Steyr Landesliga 1516"]
[Site "Austria"]
[Date "2016.02.06"]
[Round "7.7"]
[White "Steiner, Peter Philipp"]
[Black "Fabian, Franz"]
[Result "0-1"]
[WhiteElo "1834"]
[BlackElo "1885"]
[PlyCount "62"]
[EventDate "2015.09.26"]
[EventType "team-tourn"]
[EventRounds "11"]
[EventCountry "AUT"]
[SourceTitle "EXT 2017"]
[Source "ChessBase"]
[SourceDate "2016.10.25"]
[SourceVersion "1"]
[SourceVersionDate "2016.10.25"]
[SourceQuality "1"]
[WhiteTeam "Pinggau Friedberg"]
[BlackTeam "Frauental Strassenbahn"]
[WhiteTeamCountry "AUT"]
[BlackTeamCountry "AUT"]

1. e4 c5 2. Nf3 Nc6 3. Bc4 e6 4. Nc3 g6 5. 0-0 Bg7 6. d3 Nge7 7. Bf4 a6 8. Bd6 b5 9. Bb3 Qb6 10. Qd2 Nd4 11. Bxe7 Nxf3+ 12. gxf3 Kxe7 13. Qg5+ Bf6 14. Qg3 Bb7 15. a4 b4 16. a5 Qd8 17. e5 Bg7 18. Ne4 Qc7 19. Qg5+ Kf8 20. Nd6 f6 21. exf6 Qxd6 22. fxg7+ Kxg7 23. Rae1 Rhf8 24. Qe5+ Qxe5 25. Rxe5 Rac8 26. Rfe1 Rxf3 27. R1e3 Rxe3 28. fxe3 Kf6 29. d4 c4 30. Ba4 d6 31. Bd7 dxe5 0-1

[Event "Steyr Landesliga 1415"]
[Site "Austria"]
[Date "2015.04.25"]
[Round "11.7"]
[White "Voelkl, Georg"]
[Black "Steiner, Peter Philipp"]
[Result "0-1"]
[WhiteElo "1752"]
[BlackElo "1834"]
[PlyCount "85"]
[EventDate "2014.09.27"]
[EventType "team-tourn"]
[EventRounds "11"]
[EventCountry "AUT"]
[SourceTitle "EXT 2016"]
[Source "ChessBase"]
[SourceDate "2015.10.08"]
[SourceVersion "1"]
[SourceVersionDate "2015.10.08"]
[SourceQuality "1"]
[WhiteTeam "Trofaiach Niklasdorf"]
[BlackTeam "Pinggau Friedberg"]
[WhiteTeamCountry "AUT"]
[BlackTeamCountry "AUT"]

1. d4 Nf6 2. Nf3 e6 3. g3 d5 4. Bg2 Be7 5. 0-0 0-0 6. c4 c6 7. cxd5 exd5 8. h3 Bf5 9. Nc3 Nbd7 10. Nh4 Be6 11. f4 Nb6 12. Qd3 Ne4 13. Nxe4 dxe4 14. Bxe4 Bxh4 15. gxh4 Qxh4 16. f5 Bc4 17. Qf3 Rfe8 18. Bf4 Nd5 19. Bxd5 Bxd5 20. Qg3 Qxg3+ 21. Bxg3 Rxe2 22. Rf2 Rae8 23. a3 R8e3 24. Rxe2 Rxe2 25. Re1 Rxe1+ 26. Bxe1 f6 27. Kf2 Be4 28. Kg3 Bxf5 29. h4 g5 30. Bf2 Kf7 31. Be3 Kg6 32. Bd2 h6 33. Bb4 Be4 34. Be7 f5 35. hxg5 hxg5 36. Bc5 a6 37. Be7 Kh5 38. Bf6 f4+ 39. Kh3 g4+ 40. Kh2 g3+ 41. Kh3 Bf5+ 42. Kg2 Kg4 43. Be5 0-1

[Event "Ratten op 21st"]
[Site "Ratten"]
[Date "2014.06.01"]
[Round "5"]
[White "Steiner, Peter Philipp"]
[Black "Sprotte, Norbert"]
[Result "0-1"]
[WhiteElo "1781"]
[BlackElo "2190"]
[PlyCount "48"]
[EventDate "2014.05.29"]
[EventType "swiss"]
[EventRounds "5"]
[EventCountry "AUT"]
[SourceTitle "CBM 160 Extra"]
[Source "ChessBase"]
[SourceDate "2014.07.01"]
[SourceVersion "1"]
[SourceVersionDate "2014.07.01"]
[SourceQuality "1"]

1. Nf3 Nf6 2. d4 e6 3. g3 c5 4. Bg2 Nc6 5. c3 cxd4 6. cxd4 d5 7. 0-0 Bd6 8. Nc3 h6 9. Re1 0-0 10. a3 Bd7 11. e4 dxe4 12. Nxe4 Nxe4 13. Rxe4 Ne7 14. Ne5 Bxe5 15. dxe5 Bc6 16. Rd4 Qa5 17. Bxc6 Nxc6 18. Rd7 Nxe5 19. Rxb7 Rfd8 20. Qe2 Qd5 21. Rb4 Qd1+ 22. Qxd1 Rxd1+ 23. Kg2 Nd3 24. Rb3 Rxc1 0-1

[Event "Ratten op 21st"]
[Site "Ratten"]
[Date "2014.05.31"]
[Round "4"]
[White "Mueller, Marcus"]
[Black "Steiner, Peter Philipp"]
[Result "1/2-1/2"]
[WhiteElo "2156"]
[BlackElo "1781"]
[PlyCount "67"]
[EventDate "2014.05.29"]
[EventType "swiss"]
[EventRounds "5"]
[EventCountry "AUT"]
[SourceTitle "CBM 160 Extra"]
[Source "ChessBase"]
[SourceDate "2014.07.01"]
[SourceVersion "1"]
[SourceVersionDate "2014.07.01"]
[SourceQuality "1"]

1. Nf3 Nf6 2. c4 e6 3. g3 d5 4. Bg2 Bd6 5. 0-0 0-0 6. d4 c6 7. b3 Nbd7 8. Bb2 b6 9. Nbd2 Bb7 10. Rc1 Rc8 11. Rc2 c5 12. Qa1 dxc4 13. Nxc4 Be7 14. Rfc1 cxd4 15. Bxd4 b5 16. Nce5 Rxc2 17. Rxc2 Nxe5 18. Bxe5 Qa8 19. Ne1 Rc8 20. Rxc8+ Qxc8 21. Bxb7 Qxb7 22. Qd4 a6 23. Nd3 h6 24. h3 a5 25. a4 bxa4 26. Qxa4 Qe4 27. Qxa5 Qxe2 28. Bxf6 Bxf6 29. Qb5 Bd4 30. Qc4 e5 31. Qc8+ Kh7 32. Qf5+ Kg8 33. Kg2 e4 34. Qc8+ 1/2-1/2